000 00444nam a2200181Ia 4500
001 20871
005 20260306172837.0
008 260306t2017||||xx |||||||||||||| ||spa||
041 _aESP
082 _a343.8
_bM21R
100 _aMamani Yupanqui, Yanet
_eAUT
245 0 _aRégimen legal del sistema de bancarización
260 _c2017
300 _a62 páginas :
_c24 cm.
650 _aGEN
654 _aCCO
942 _cLIB
_dJUS
_fJUS
_2ddc
_n
999 _c20871
_d20871